Skład FC Barcelony 2023/24 - Statystyki

Ogólne statystyki
  • Ten quiz został rozwiązany 470 razy
  • Średni wynik to 13 z 28
Statystyki odpowiedzi
Pozycja Zawodnik % Poprawnych
BR Ter Stegen
92%
N Robert Lewandowski
89%
ŚP Pedri
79%
ŚP Gavi
76%
BR Iñaki Peña
74%
ŚO Ronald Araújo
74%
PO Alejandro Balde
69%
ŚP Frenkie De Jong
67%
ŚO Jules Koundé
67%
ŚP Pablo Torre
64%
ŚO Andreas Christensen
57%
PS Raphinha
55%
LS Ferran Torres
54%
ŚP Ilkay Gündogan
51%
PO Sergi Roberto
49%
LS Ansu Fati
43%
ŚO Iñigo Martinez
41%
LO Marcos Alonso
38%
PS Ousmane Dembélé
34%
ŚO Eric Garcia
27%
BR Arnau Tenas
20%
ŚPD Franck Kessié
19%
ŚO Clément Lenglet
12%
PO Sergiño Dest
12%
ŚP Nico González
5%
ŚO Chadi Riad
4%
N Abde Ezzalzouli
2%
ŚP Álex Collado
1%
Nie znaleziono quizów pasujących do podanych kryteriów
Rozkład punktacji
Procent ludzi z każdym wynikiem
Percentyl według liczby udzielonych odpowiedzi
Twoja historia wyników
Nie rozwiązałeś tego quizu